10 Stars Literacy Grade R (Record no. 776289)

MARC details
000 -LEADER
fixed length control field 00513nam a22001937a 4500
003 - CONTROL NUMBER IDENTIFIER
control field 3228
005 - DATE AND TIME OF LATEST TRANSACTION
control field 20250514150205.0
008 - FIXED-LENGTH DATA ELEMENTS--GENERAL INFORMATION
fixed length control field 250514b sa ||||| |||| 00| 0 eng d
020 ## - INTERNATIONAL STANDARD BOOK NUMBER
Qualifying information (pbk)
International Standard Book Number <a href="9780796227430">9780796227430</a>
040 ## - CATALOGING SOURCE
Transcribing agency 3228
041 ## - LANGUAGE CODE
Language English
082 ## - DEWEY DECIMAL CLASSIFICATION NUMBER
Classification number ST 300 ORYE
942 ## - ADDED ENTRY ELEMENTS
Creator ID 235
Creator Name Mike Maaboi
Modifier ID 235
Modifier Name Mike Maaboi
100 ## - MAIN ENTRY--PERSONAL NAME
Personal name Cryer, Glynnis
245 ## - TITLE STATEMENT
Title 10 Stars Literacy Grade R
260 ## - PUBLICATION, DISTRIBUTION, ETC.
Place of publication, distribution, etc. Sandton:
Name of publisher, distributor, etc. Heinemann Publishers;
Date of publication, distribution, etc. 2009.
300 ## - PHYSICAL DESCRIPTION
Extent vii, 40 pg.
Other physical details ill,
Dimensions 26 cm
942 ## - ADDED ENTRY ELEMENTS
Source of classification or shelving scheme Dewey Decimal Classification
item type Book
Holdings
Withdrawn status Lost status Source of classification or shelving scheme Damaged status Not for loan Collection code Home library Current library Shelving location Date acquired Total Checkouts Full call number Barcode Date last seen Price effective from item type
    Dewey Decimal Classification     300: Social Science Mafemani Mafemani Reference 14.05.2025   ST 300 ORYE 3300610005485 14.05.2025 14.05.2025 Book